Rapports extrait des Comptes rendus des séances de l'Academie des Sciences. (Record no. 54487)

MARC details
000 -LEADER
campo de control de longitud fija 01688nam a22003135i 4500
001 - NÚMERO DE CONTROL
campo de control 54487
003 - IDENTIFICADOR DE NÚMERO DE CONTROL
campo de control ES-MaACL
005 - FECHA Y HORA DE LA ÚLTIMA TRANSACCIÓN
campo de control 20251003163445.0
007 - CAMPO FIJO DE DESCRIPCIÓN FÍSICA--INFORMACIÓN GENERAL
campo de control de longitud fija t|
008 - DATOS DE LONGITUD FIJA--INFORMACIÓN GENERAL
campo de control de longitud fija 960725s1885 fr ||||1| fre d
080 ## - NÚMERO DE LA CLASIFICACIÓN DECIMAL UNIVERSAL
Número de la Clasificación Decimal Universal 550.34(468.1)"1884"
245 00 - MENCIÓN DEL TÍTULO
Título Rapports extrait des Comptes rendus des séances de l'Academie des Sciences.
Número de parte o sección de la obra t. C,
Nombre de parte o sección de la obra Séance du 20 avril 1885.
260 ## - PUBLICACIÓN, DISTRIBUCIÓN, ETC.
Lugar de publicación, distribución, etc. Paris :
Nombre del editor, distribuidor, etc. [s.n.],
Fecha de publicación, distribución, etc. 1885 (
Fabricante Gauthier-Villars)
300 ## - DESCRIPCIÓN FÍSICA
Extensión 25 p. ;
Dimensiones 27 cm.
505 8# - NOTA DE CONTENIDO CON FORMATO
Nota de contenido con formato Contiene: Explorations de la Missión chargée de l'étude des tremblements de terre de l'Andalousie / par M. Fouqué . Sur la constitution géologique de la serrania de Ronda / par Michel Lévy et J. Bergeron . Sur les terrains secondaires et tertiaires de l'Andalousie (provinces de Grenade et de Malaga / par M. Bertrand et W. Kilian . Sur la constitution géologique de la sierra Nevada, des Alpujarras et de la sierra de Almijara / par Ch. Barrois et Alb. Offret
594 ## - Nota al título y mención de responsabilidad
Nota al título y mención de responsabilidad Precede al tít: Institut de France, Académie des Sciences.
650 #4 - PUNTO DE ACCESO ADICIONAL DE MATERIA--TÉRMINO DE MATERIA
Término de materia o nombre geográfico como elemento de entrada Terremotos-
Subdivisión geográfica Andalucía-
Subdivisión cronológica S.XIX.
9 (RLIN) 17487
650 #4 - PUNTO DE ACCESO ADICIONAL DE MATERIA--TÉRMINO DE MATERIA
Término de materia o nombre geográfico como elemento de entrada Geología-
Subdivisión geográfica Andalucía.
9 (RLIN) 173517
700 1# - ENTRADA AGREGADA--NOMBRE PERSONAL
Nombre de persona Fouqué, Ferdinand.
9 (RLIN) 51949
700 1# - ENTRADA AGREGADA--NOMBRE PERSONAL
Nombre de persona Michel-Lévy, Auguste,
Fechas asociadas al nombre 1844-1911
9 (RLIN) 142191
700 1# - ENTRADA AGREGADA--NOMBRE PERSONAL
Nombre de persona Bergeron, J.
9 (RLIN) 142192
700 1# - ENTRADA AGREGADA--NOMBRE PERSONAL
Nombre de persona Bertrand , Marcel Alexandre,
Fechas asociadas al nombre 1847-1907
9 (RLIN) 142193
700 1# - ENTRADA AGREGADA--NOMBRE PERSONAL
Nombre de persona Kilian, W.
9 (RLIN) 68029
700 1# - ENTRADA AGREGADA--NOMBRE PERSONAL
Nombre de persona Barrois, Charles.
9 (RLIN) 26037
700 1# - ENTRADA AGREGADA--NOMBRE PERSONAL
Nombre de persona Offret, Albert.
9 (RLIN) 86561
710 2# - ENTRADA AGREGADA--NOMBRE DE ENTIDAD CORPORATIVA
Nombre de entidad corporativa o nombre de jurisdicción como elemento de entrada Académie des sciences (Francia)
9 (RLIN) 1231
852 4# - LOCALIZACIÓN
Ubicación ES-MaACL
Número de control de estantería T-1088-F-11
Nota libre - Legado de Federico de Botella y de Hornos
-- - Anotación ms.: A Mr. F. Botella, hommage de la commission française
Holdings
Estatus retirado Estado de pérdida Estado de daño No para préstamo Colección Biblioteca de origen Biblioteca actual Ubicación en estantería Fecha de adquisición Fuente de adquisición Total de préstamos Signatura topográfica completa Código de barras Visto por última vez Precio de reemplazo Tipo de ítem Koha
        Colección de folletos Biblioteca del Ateneo de Madrid Biblioteca del Ateneo de Madrid Depósito folletos 17/01/2008     T-1088-F-11 1057257 23/02/2023 23/02/2023 Folleto